Distributed Applications and Interoperable Systems II : IFIP TC6 WG6.1 Second International Working Conference on Distributed Applications and Interoperable Systems (DAIS.99)June 28.July 1, 1999, Helsinki, Finland /

Shranjeno v:
Bibliografske podrobnosti
Glavni avtor: Lea Kutvonen, Hartmut König, Martti Tienari (edición)
Format: Knjiga
Jezik:angleščina
Izdano: Nueva York, EUA : Springer, 1999, c1999
Serija:(IFIP Advances in Information and Communication Technology)
Online dostop:Ver documento en línea
Oznake: Označite
Brez oznak, prvi označite!

MARC

LEADER 00000nam^a22000000a04500
001 000597887
009 20260411195121.838
020 |a 978-0-387-35565-8 
022 |a 1868-422X 
037 |a Acervo ITESO - Biblioteca 
041 |a ING 
082 |a Libro en línea 
100 |a Lea Kutvonen, Hartmut König, Martti Tienari  |e (edición) 
245 |a Distributed Applications and Interoperable Systems II :  |b IFIP TC6 WG6.1 Second International Working Conference on Distributed Applications and Interoperable Systems (DAIS.99)June 28.July 1, 1999, Helsinki, Finland / 
264 4 |a Nueva York, EUA :  |b Springer,  |c 1999, c1999 
264 2 |a Cham, Suiza :  |b Springer Link [distribución],  |c 2025 
300 |a 1 libro electrónico en línea (XIV, 458 p.) 
300 |a 1 recurso en línea 
336 |a datos para computadora  |b cod  |2 rdacontenido 
337 |a computadora  |b c  |2 rdamedio 
338 |a recurso en línea  |b cr  |2 rdasoporte 
440 |a (IFIP Advances in Information and Communication Technology) 
506 0 |a Licencias ilimitadas 
567 |a Catalogación rápida 
649 |a XX 
856 4 0 |u https://link-springer-com.ezproxy.iteso.mx/10.1007/978-0-387-35565-8  |y Ver documento en línea 
910 |a Fondo General 
920 |a Electrónicos - Libros en Línea 
930 |a Plataforma Digital 
905 |a 205 
902 |a https://opac.biblio.iteso.mx/vufind/Record/000597887